Govt. of
Madhya Pradesh

Contemporary Tamil Short Fiction (Record no. 1251)

MARC details
000 -LEADER
fixed length control field 003530000a22001570004500
001 - CONTROL NUMBER
control field 001256
003 - CONTROL NUMBER IDENTIFIER
control field MACL
040 ## - CATALOGING SOURCE
Original cataloging agency MACL
090 ## - LOCALLY ASSIGNED LC-TYPE CALL NUMBER (OCLC); LOCAL CALL NUMBER (RLIN)
-- 1256
-- 1256
100 ## - MAIN ENTRY--PERSONAL NAME
Personal name Kumar, Dilip
245 ## - TITLE STATEMENT
Title Contemporary Tamil Short Fiction
Statement of responsibility, etc. Dilip Kumar
260 ## - PUBLICATION, DISTRIBUTION, ETC. (IMPRINT)
Place of publication, distribution, etc. Manas East West Books (Madras) P Ltd.
350 ## - PRICE (NR) (BK AM CF MU VM SE) [OBSOLETE]
Price 295
650 ## - SUBJECT ADDED ENTRY--TOPICAL TERM
Topical term or geographic name as entry element Fiction
942 ## - ADDED ENTRY ELEMENTS (KOHA)
Call number prefix 823
Koha item type Library Membar
Holdings
Withdrawn status Lost status Damaged status Not for loan Home library Current library Date acquired Total Checkouts Full call number Barcode Date last seen Uniform Resource Identifier Price effective from Koha item type
        MACL MACL 15/04/2015   823 Book CRE12412 29/04/2015 1255 15/04/2015 Books